00985nam a2200229 a 450000100100000000500170001000800410002702000180006804000250008608200150011110000260012624500170015226000500016930000270021950000570024650000690030359000270037295201130039995201130051295201130062599900170073800004809420201002060921.0181115s2015 dr a 000 0 spa d a9789945167061 aDO-SdBNPbspacBNPHU axxxbR239d1 aRauber, Isabel95375510aDoña Piki. aSanto Domingo :bPasado y presente 21,c2015. a126p. :bil. ;c23 cm. aIncluye datos biográficos del autor en las solapas aIncluye datos biográficos del autor en la solapa de lacubierta aInventariado, 2018/MFF 0010718PDaGRbGRcHDd2018-11-15iLF1l0oxxx R239dp48094-30r2020-06-25w2020-06-25yLFPDZNo se presta 0010718PDaPDbPDcHDd2018-11-15iLF1l0oxxx R239dp48094-10r2020-06-25w2020-06-25yLFPDZNo se presta 0010718PDaPDbPDcHDd2018-11-15iLF1l0oxxx R239dp48094-20r2020-06-25w2020-06-25yLFPDZNo se presta c47582d47582